Facing the issues / (Record no. 6866)
[ view plain ]
| 000 -LEADER | |
|---|---|
| fixed length control field | 00850nam a2200301Ia 4500 |
| 001 - CONTROL NUMBER | |
| control field | 9385053 |
| 003 - CONTROL NUMBER IDENTIFIER | |
| control field | OSt |
| 005 - DATE AND TIME OF LATEST TRANSACTION | |
| control field | 20190121122401.0 |
| 008 - FIXED-LENGTH DATA ELEMENTS--GENERAL INFORMATION | |
| fixed length control field | 830407m19691971miu 000 0 eng d |
| 010 ## - LIBRARY OF CONGRESS CONTROL NUMBER | |
| Canceled/invalid LC control number | 76010693 |
| 020 ## - INTERNATIONAL STANDARD BOOK NUMBER | |
| International Standard Book Number | 0801053250 (v.1) |
| 020 ## - INTERNATIONAL STANDARD BOOK NUMBER | |
| International Standard Book Number | 0801053269 (v.2) |
| 020 ## - INTERNATIONAL STANDARD BOOK NUMBER | |
| International Standard Book Number | 0801053005 (v.3) |
| 020 ## - INTERNATIONAL STANDARD BOOK NUMBER | |
| International Standard Book Number | 0801053102 (v.4) |
| 040 ## - CATALOGING SOURCE | |
| Original cataloging agency | MAL |
| Transcribing agency | MAL |
| 082 ## - DEWEY DECIMAL CLASSIFICATION NUMBER | |
| Classification number | 261 |
| Edition number | 19 |
| Item number | K94F |
| 090 ## - LOCALLY ASSIGNED LC-TYPE CALL NUMBER (OCLC); LOCAL CALL NUMBER (RLIN) | |
| Classification number (OCLC) (R) ; Classification number, CALL (RLIN) (NR) | BR115.W6 |
| Local cutter number (OCLC) ; Book number/undivided call number, CALL (RLIN) | K7 |
| 092 ## - LOCALLY ASSIGNED DEWEY CALL NUMBER (OCLC) | |
| Classification number | 261 |
| Item number | K94 |
| 100 1# - MAIN ENTRY--PERSONAL NAME | |
| Personal name | Krutza, William J. |
| 245 10 - TITLE STATEMENT | |
| Title | Facing the issues / |
| Statement of responsibility, etc. | William J. Krutza and Phillip P. Di Cicco. |
| 260 ## - PUBLICATION, DISTRIBUTION, ETC. | |
| Place of publication, distribution, etc. | Grand Rapids, Mich. : |
| Name of publisher, distributor, etc. | Baker Book House, |
| Date of publication, distribution, etc. | 1969-1971. |
| 300 ## - PHYSICAL DESCRIPTION | |
| Extent | 4 v. ; |
| Dimensions | 18 cm. |
| 490 0# - SERIES STATEMENT | |
| Series statement | Contemporary discussion series |
| 504 ## - BIBLIOGRAPHY, ETC. NOTE | |
| Bibliography, etc. note | Includes bibliographical references. |
| 650 #0 - SUBJECT ADDED ENTRY--TOPICAL TERM | |
| Topical term or geographic name entry element | Church and the world. |
| 700 1# - ADDED ENTRY--PERSONAL NAME | |
| Personal name | Di Cicco, Philip P. |
| 942 ## - ADDED ENTRY ELEMENTS (KOHA) | |
| Source of classification or shelving scheme | Dewey Decimal Classification |
| Koha item type | Books |
| Withdrawn status | Lost status | Source of classification or shelving scheme | Damaged status | Not for loan | Collection code | Home library | Current library | Shelving location | Date acquired | Cost, normal purchase price | Total Checkouts | Full call number | Barcode | Date last seen | Price effective from | Koha item type |
|---|---|---|---|---|---|---|---|---|---|---|---|---|---|---|---|---|
| Dewey Decimal Classification | Non-fiction | Harvest Mission College | Harvest Mission College | General Stacks | 21.01.2019 | 450.00 | 261 K94F | 007721 | 21.01.2019 | 21.01.2019 | Books | |||||
| Dewey Decimal Classification | Non-fiction | Harvest Mission College | Harvest Mission College | General Stacks | 21.01.2019 | 450.00 | 261 K94F | 007722 | 21.01.2019 | 21.01.2019 | Books | |||||
| Dewey Decimal Classification | Non-fiction | Harvest Mission College | Harvest Mission College | General Stacks | 21.01.2019 | 450.00 | 261 K94F | 007723 | 21.01.2019 | 21.01.2019 | Books |
